Cuentos completos (Registro nro. 826)
[ vista simple ]
| 000 -CABECERA | |
|---|---|
| Longitud fija campo de control | 01309nam a2200289Ia 4500 |
| 005 - • FECHA Y HORA DE LA ÚLTIMA TRANSACCIÓN | |
| Fecha y hora de la última transacción | 20220316235408.0 |
| 008 - • CÓDIGOS DE INFORMACIÓN DE LONGITUD FIJA | |
| Códigos de información de longitud fija | 121119s1995 sp ao gr 000 j spa |
| 020 ## - • NÚMERO INTERNACIONAL NORMALIZADO PARA LIBROS | |
| Número Internacional Normalizado para Libros (ISBN) | 8476584741 |
| 041 0# - • CÓDIGO DE LENGUA | |
| Código de lengua del texto/banda sonora o título independiente | spa |
| 040 ## - FUENTE DE LA CATALOGACIÓN | |
| Centro catalogador de origen | CO-BoRNBP |
| Lengua de catalogación | spa |
| Normas de descripción | rda |
| Centro transcriptor | CO-BoRNBP |
| 084 ## - • Clasificación Local Alfanúmerica PNLB | |
| Número de clasificación | C MAR5 |
| 100 1# - • PUNTO DE ACCESO PRINCIPAL-NOMBRE DE PERSONA | |
| Nombre de persona | Martí, José, |
| Fechas asociadas al nombre | 1853-1895 |
| 245 10 - • TITULO PROPIAMENTE DICHO | |
| Título | Cuentos completos |
| Resto del título | la edad de oro y otros relatos |
| Mención de responsabilidad, etc. | José Martí ; edición de Ángel Esteban |
| 250 ## - • MENCIÓN DE EDICIÓN | |
| Mención de edición | Primera edición |
| 264 #1 - PRODUCCIÓN, PUBLICACIÓN , DISTRIBUCIÓN, FABRICACIÓN Y COPYRIGHT | |
| Lugar de producción, publicación, distribución, fabricación | Barcelona |
| Nombre del productor, editor, distribuidor, fabricante | Anthropos |
| Fecha de de producción, publicación, distribución, fabricación o copyright | 1995 |
| 300 ## - • DESCRIPCIÓN FÍSICA | |
| Extensión | 236 páginas |
| Otras características físicas | ilustraciones y fotografías |
| Dimensiones | 18 cm |
| 336 ## - TIPO DE CONTENIDO | |
| Término de tipo de contenido | texto |
| Código de tipo de contenido | txt |
| Fuente | rdacontent |
| 337 ## - TIPO DE MEDIO | |
| Nombre del tipo de medio | sin mediación |
| Código del tipo de medio | n |
| Fuente | rdamedia |
| 338 ## - TIPO DE SOPORTE | |
| Nombre del tipo de soporte | volumen |
| Código del tipo de soporte | nc |
| Fuente | rdacarrier |
| 490 0# - • MENCIÓN DE SERIE | |
| Mención de serie | Biblioteca A : clásicos |
| 520 2# - • NOTA DE RESUMEN | |
| Resumen, etc, | La narrativa corta de José Martí es uno de los aspectos más completos de su trayectoria literaria, por la calidad de su prosa y la variedad de sus temas. Fruto del trabajo intenso de varios meses, La Edad de Oro, concebida en un principio como revista mensual y publicada más tarde como libro de cuentos, es uno de los documentos martianos mejor elaborados. |
| 650 14 - • PUNTO DE ACCESO ADICIONAL DE MATERIA - TÉRMINO DE MATERIA | |
| Fuente del encabezamiento o término | LEMB |
| Término de materia o nombre geográfico como elemento inicial | Literatura cubana |
| Subdivisión cronológica | Siglo XIX |
| 650 14 - • PUNTO DE ACCESO ADICIONAL DE MATERIA - TÉRMINO DE MATERIA | |
| Fuente del encabezamiento o término | LEMB |
| Término de materia o nombre geográfico como elemento inicial | Cuentos cubanos |
| Subdivisión cronológica | Siglo XIX |
| 650 14 - • PUNTO DE ACCESO ADICIONAL DE MATERIA - TÉRMINO DE MATERIA | |
| Fuente del encabezamiento o término | LEMB |
| Término de materia o nombre geográfico como elemento inicial | Archivo histórico |
| 700 1# - • PUNTO DE ACCESO ADICIONAL - NOMBRE DE PERSONA | |
| Nombre de persona | Esteban, Angel |
| Fechas asociadas al nombre | 1963- |
| Término indicativo de función | editor |
| 942 ## - ENTRADA DE ELEMENTOS AGREGADOS (KOHA) | |
| Fuente de clasificaión o esquema | |
| Koha [por defecto] tipo de item | Libro Literatura |
| Perdido | Fuente de clasificación o esquema | Estado Físico | No para préstamo | Forma de adquisición | Localización permanente | Localización actual | Localización en estanterías | Fecha adquisición | Préstamos totales | Signatura completa | Código de barras | Fecha última consulta | Número de copia | Fecha del precio de reemplazo | Tipo de item de Koha | Número de registro |
|---|---|---|---|---|---|---|---|---|---|---|---|---|---|---|---|---|
| Dewey Decimal Classification | Colección General | Biblioteca Pública Cubarral | Biblioteca Pública Cubarral | Literatura | 08/02/2023 | C MAR5 | CUB01732 | 08/02/2023 | Ej.1 | 08/02/2023 | Libro Literatura | |||||
| Dewey Decimal Classification | Colección General | Biblioteca Pública Fuentedeoro - Henry Llanos García | Biblioteca Pública Fuentedeoro - Henry Llanos García | Literatura | 07/11/2023 | C MAR5 | Fo00001224 | 07/11/2023 | Ej.1 | 07/11/2023 | Libro Literatura | |||||
| Dewey Decimal Classification | Colección General | Biblioteca Pública Puerto Lleras | Biblioteca Pública Puerto Lleras | Literatura | 01/24/2024 | C MAR5 | PLL01185 | 01/24/2024 | Ej.1 | 01/24/2024 | Libro Literatura | |||||
| Dewey Decimal Classification | Colección General | Biblioteca Pública San Carlos de Guaroa - Eduardo Carranza | Biblioteca Pública San Carlos de Guaroa - Eduardo Carranza | Literatura | 09/13/2023 | C MAR5 | SG01141 | 09/13/2023 | Ej.1 | 09/13/2023 | Libro Literatura | |||||
| Dewey Decimal Classification | Colección General | Biblioteca Pública El Castillo - Alfonso Meneses | Biblioteca Pública El Castillo - Alfonso Meneses | Literatura | 07/18/2023 | C MAR5 | EC02253 | 07/18/2023 | Ej.1 | 07/18/2023 | Libro Literatura | |||||
| Dewey Decimal Classification | Biblioteca Pública Vistahermosa | Biblioteca Pública Vistahermosa | 05/06/2025 | C MAR5 | VIST 0001854 | 05/06/2025 | Ej.1 | 05/06/2025 | Libro Literatura | C MAR5 |